Liedtext: Herbert Grönemeyer - Wunder - Statistiken

Allgemein
  • Dieses Quiz wurde 5 mal gespielt
  • Das Durchschnittsergebnis liegt bei 165 aus 302
Antwortstatistiken
Textquiz % Korrekt
Wunder
100%
dich
80%
Du
80%
du
80%
ein
80%
Es
80%
es
80%
Ich
80%
ich
80%
und
80%
Und
80%
was
80%
Was
80%
alles
60%
an
60%
auf
60%
Bin
60%
bin
60%
dass
60%
dein
60%
deine
60%
deinem
60%
dem
60%
der
60%
Der
60%
die
60%
dir
60%
eine
60%
Glück
60%
habe
60%
hast
60%
in
60%
In
60%
ist
60%
kein
60%
leb
60%
mehr
60%
mich
60%
mir
60%
mit
60%
nicht
60%
ohne
60%
sieht
60%
war
60%
weil
60%
wird
60%
zu
60%
abgestellt
40%
als
40%
angeht
40%
Angst
40%
Außenwelt
40%
außer
40%
bei
40%
betrifft
40%
Bevor
40%
Blick
40%
Boot
40%
Brauch
40%
brichst
40%
Daueralarm
40%
deiner
40%
diese
40%
Drang
40%
draußen
40%
durch
40%
fallen
40%
gab
40%
gab's
40%
Geduld
40%
geheuer
40%
gestartet
40%
Gras
40%
Hafen
40%
hier
40%
Hirnen
40%
Höhe
40%
jeden
40%
Jetzt
40%
kam
40%
kannte
40%
keiner
40%
lag
40%
lässt
40%
läufst
40%
liegt
40%
liest
40%
Manöver
40%
Marathon
40%
Maschinen
40%
meinem
40%
meinen
40%
meiner
40%
Mitleid
40%
neidisch
40%
noch
40%
Puls
40%
Rücken
40%
schlägt
40%
Seele
40%
selbst
40%
Selbstbetrug
40%
Sinn
40%
sonst
40%
sprichst
40%
Steg
40%
stockte
40%
Strom
40%
Stürme
40%
toben
40%
trägt
40%
Träume
40%
Turbinen
40%
Umlaufbahn
40%
verdorrt
40%
Verkehr
40%
Verstand
40%
verwohnt
40%
von
40%
vor
40%
vorbei
40%
Wand
40%
Wärme
40%
Welt
40%
wendet
40%
wenn
40%
Wenn
40%
wuchs
40%
wundersamer
40%
wunderschöne
40%
Wüste
40%
zur
40%
Zwischen
40%
heißkalt
20%
röhren
20%
Keine übereinstimmenden Quizze gefunden
Verteilung der Resultate
Anzahl Personen mit jedem Resultat
Perzentil nach korrekt beantworteten Fragen
Ihre Resultats-Entwicklung
Sie haben dieses Quiz noch nicht gespielt